The noble scholar, jurist, historian


 His Excellency Dr. Abdul Wahhab bin Ibrahim Abu Sulaiman, may Allah have mercy on him.


 He was born in Umm Al-Qura in the year 1356 AH.

الربذة : (Record no. 14406)

MARC details
000 -LEADER
fixed length control field 01272cam a22002891i 4500
003 - CONTROL NUMBER IDENTIFIER
control field SA-RiAUC
005 - DATE AND TIME OF LATEST TRANSACTION
control field 20260220130337.0
008 - FIXED-LENGTH DATA ELEMENTS--GENERAL INFORMATION
fixed length control field 260220q20002009su o g f000 0 ara c
020 ## - INTERNATIONAL STANDARD BOOK NUMBER
International Standard Book Number 0582783909
040 ## - CATALOGING SOURCE
Original cataloging agency SA-RiIMS
Language of cataloging ara
Transcribing agency SA-RiAUC
Description conventions rda
043 ## - GEOGRAPHIC AREA CODE
Geographic area code a-su---
050 #4 - LIBRARY OF CONGRESS CALL NUMBER
Item number .R37 2000z
082 04 - DEWEY DECIMAL CLASSIFICATION NUMBER
Classification number 953.1
Assigning agency SA-RiAUC
090 ## - LOCALLY ASSIGNED LC-TYPE CALL NUMBER (OCLC); LOCAL CALL NUMBER (RLIN)
Classification number (OCLC) (R) ; Classification number, CALL (RLIN) (NR) 953.1
Local cutter number (OCLC) ; Book number/undivided call number, CALL (RLIN) ر ا ش
100 1# - MAIN ENTRY--PERSONAL NAME
Personal name الراشد، سعد بن عبد العزيز بن سعد،
Dates associated with a name 1365 هجري-
Relator term مؤلف.
245 12 - TITLE STATEMENT
Title الربذة :
Remainder of title صورة للحضارة الإسلامية المبكرة في المملكة العربية السعودية /
Statement of responsibility, etc. سعد بن عبد العزيز الراشد.
264 #1 - PRODUCTION, PUBLICATION, DISTRIBUTION, MANUFACTURE, AND COPYRIGHT NOTICE
Place of production, publication, distribution, manufacture الرياض :
Name of producer, publisher, distributor, manufacturer جامعة الملك سعود،
Date of production, publication, distribution, manufacture, or copyright notice [بين 2000 و2009]
300 ## - PHYSICAL DESCRIPTION
Extent 183 صفحة :
Other physical details صور ؛
Dimensions 32 سم
336 ## - CONTENT TYPE
Content type term نص
Content type code txt
Source rdacontent
Materials specified كتاب
337 ## - MEDIA TYPE
Media type term بدون وسيط
Media type code n
Source rdamedia
338 ## - CARRIER TYPE
Carrier type term مجلد
Carrier type code nc
Source rdacarrier
590 ## - LOCAL NOTE (RLIN)
Local note مكتبة الشيخ صالح بن عبد الله المالك، [أمين مجلس الشورى سابقا]
651 #7 - SUBJECT ADDED ENTRY--GEOGRAPHIC NAME
Geographic name الربذة (السعودية)
General subdivision آثار إسلامية
Source of heading or term aucsh
651 #7 - SUBJECT ADDED ENTRY--GEOGRAPHIC NAME
Geographic name الربذة (السعودية)
General subdivision تاريخ
Source of heading or term aucsh
942 ## - ADDED ENTRY ELEMENTS (KOHA)
Source of classification or shelving scheme Dewey Decimal Classification
Koha item type Books
Suppress in OPAC No
949 ## - LOCAL PROCESSING INFORMATION (OCLC)
a SA-JeALM
d 260220
u eid123
n 1
Holdings
Withdrawn status Lost status Source of classification or shelving scheme Damaged status Not for loan Home library Current library Date acquired Total checkouts Full call number Barcode Date last seen Price effective from Koha item type
    Dewey Decimal Classification     DR AbdElwahab Library DR AbdElwahab Library 02/20/2026   953.1 ر ا ش 000022830 02/20/2026 02/20/2026 Books